000 00678cam a2200205 4500
001 D16228
008 090401t1985 xxu||||| |||| 00| 0 eng d
035 _a(Sirsi) u28066
041 _aeng
050 _a624.03
110 _aRoyal Institution of Chartered Surveyors
_94900
245 _aStandardising documentation: the new method of measurement for industrial engineering construction. One-day conference, RICS Westminster Centre, 20 March 1985
260 _aLondon
_bSurveyors` Technical Services
_c1985
300 _a5 papers
350 _a0
520 _aFiled in box RICS 1985/10 ABC
710 _aQuantity Surveyors` Division
942 _n0
948 _c04/03/1997
999 _c89200
_d89200